System and process in international politics

Kaydedildi:
Detaylı Bibliyografya
Yazar: Kaplan, Morton A (Yazar)
Materyal Türü: Kitap
Dil:İngilizce
Baskı/Yayın Bilgisi: Nueva York John Wiley 1957
Seri Bilgileri:Political Science
Konular:
Etiketler: Etiketle
Etiket eklenmemiş, İlk siz ekleyin!

MARC

LEADER 00000nam a2200000 a 4500
001 UCT8651
003 CL-VaPUC
008 970326e19570000US |||||||||||||||||eng|d
082 0 4 |a 327.1  |b KAP  |2 21 
100 0 |a Kaplan, Morton A  |e author  |9 380519 
245 1 0 |a System and process in international politics 
300 |a 283 p 
942 |c BK 
945 |d 19970326 00:00:00  |a paguirre 
260 |a Nueva York  |b John Wiley  |c 1957 
650 0 |a Política internacional  |9 255813 
650 0 |a Cooperación internacional  |9 255447 
650 0 |a Relaciones Internacionales  |9 255740 
650 0 |a Teoría de juegos  |9 263826 
583 |a last modification  |c 19970326 00:00:00  |k Rodrigo Vera 
490 0 |a Political Science 
999 |c 257138  |d 257136 
952 |0 0  |1 0  |4 0  |6 327_100000000000000_KAP_1957  |7 0  |8 A  |9 280397  |a BIBDER  |b BIBDER  |d 2019-11-19  |i 1815059  |o 327.1 KAP 1957  |p 1815059  |r 2023-01-25  |w 2019-11-19  |y BK  |k DER 
952 |0 0  |1 0  |4 0  |6 327_100000000000000_KAP_1957  |7 0  |8 A  |9 280398  |a BIBHIS  |b BIBHIS  |d 2019-11-19  |i 1230522  |o 327.1 KAP 1957  |p 1230522  |r 2025-01-20  |w 2019-11-19  |y BK  |k HIS